01535 2200661 4500001002100000005001500021035002000036007000300056008004100059020002200100082001400122084002000136100002400156245007200180250001500252300004200267600002800309264003000337336002100367337003000388338002300418990001200441990001200453990001200465990001200477990001200489990001200501990001200513990001200525990001200537990001200549990001200561990001200573990001200585990001200597990001200609990001200621990001200633990001200645990001200657990001200669990001200681990001200693990001200705990001200717990001200729990001200741990001200753990001200765990001200777990001200789990001200801990001200813990001200825990001200837990001200849990001200861INLIS00000000000067720260112083603 a0010-0126000017ta260112 0 ind  a978-623-01-3884-5 a629.2.076 a629.2.076 KIS s0 aKistantoePengarang1 aSistem Engine Kendaraan Ringan XII :bSMK/MAK Kelas XII /cKistanto aed 1 cet 1 axxii + 186 hlm :bilus ;c17,6 x 25cm 4ateknik kendaraan ringan aYogyakarta :bAndi,c2025 2rdacontentateks 2rdamediaatanpa perantara 2rdacarrieravolume a25.1831 a25.1832 a25.1833 a25.1834 a25.1835 a25.1836 a25.1837 a25.1838 a25.1839 a25.1840 a25.1841 a25.1842 a25.1843 a25.1844 a25.1845 a25.1846 a25.1847 a25.1848 a25.1849 a25.1850 a25.1851 a25.1852 a25.1853 a25.1854 a25.1855 a25.1856 a25.1857 a25.1858 a25.1859 a25.1860 a25.1861 a25.1862 a25.1863 a25.1864 a25.1865 a25.1866